000 00713nac a22001931u 4500
010 _a 89013463
020 _a0070042594 :
020 _a0071007121 :
082 0 0 _a620.0042
_bB3667
090 _c4527
_d4527
100 _aBeam, Walter R.
245 1 0 _aSystems engineering :
_barchitecture and design /
_cWalter R. Beam.
260 _aNew York :
_bMcGraw-Hill,
_cc1990.
300 _axii, 355 p. :
_bill. ;
_c24 cm.
504 _aIncludes bibliographical references.
650 0 _aSystems engineering.
942 _cBB
_k620.0042B3667
999 _c4527
_d4527